LEADER 01000nam a2200241 u 4500 001 000000060552 003 CaOOAMICUS 005 20070226120926.0 008 010726s1974 it u000 u ita u 035 $a10898569 040 $aPUL(R)$bita 100 1 $aRivetti Barbò, Francesca.$0(OLS)http://pul/name/38056 245 10$aSemantica bidimensionale :$bfondazione filosofica, con un progetto di teoria del significato /$cFrancesca Rivetti Barbò. 260 $aRoma :$bElia,$c1974. 300 $a471 p. ;$c24 cm 500 $aContiene indice. 650 4$aSemantica.$0(OLS)http://pul/subject/9132 850 $aPUL 852 $aPUL$W1$xSL Religione 1$y3$m57 L 47$j78961$nBK-PRI$b $qStampati$B78961$CPULBib$Z2$F78961 $H $81 941 1 $a8 961 $aINV: 60320 996 $6245$aSemantica bidimensionale :$bfondazione filosofica, con un progetto di teoria del significato$9(OLS)http://pul/title/80921 996 $6260$aRoma :$bElia$9(OLS)http://pul/publisher/69911 LEADER 01098nam a2200289 u 4500 001 000000074005 003 CaOOAMICUS 005 20070226122420.0 008 021128s1993 it u000 u ita u 020 $a8830704539 035 $a10946337 040 $aPUL(R)$bita 100 1 $aDoneda, Alberto.$0(OLS)http://pul/name/49028 245 10$aChiesa in cammino :$b2000 anni di storia della missione /$cAlberto Doneda. 260 $aBologna :$bEMI,$c1993. 300 $a380 p. ;$c24 cm 490 1 $aMissione 500 $aContiene indice. 650 4$aChiesa.$0(OLS)http://pul/subject/2116 830 0$aMissione.$0(OLS)http://pul/title/58665 850 $aPUL 852 $aPUL$W1$xSL Religione 2$y84$mRH E1 40$j95556$nBK-PRI$b $qStampati altre collocazioni$B95556$CPULBib$Z2$F95556 $H $81 941 1 $a10 961 $aINV: 71341 996 $6020$a8830704539$9(OLS)http://pul/number/95669 996 $6245$aChiesa in cammino :$b2000 anni di storia della missione$9(OLS)http://pul/title/97264 996 $6260$aBologna :$bEMI$9(OLS)http://pul/publisher/65320